000 00847nam a22002777a 4500
001 5599
003 FISKH
005 20241219154750.0
008 241219b cb ||||| |||| 00| 0 eng d
020 _a9780198387213
040 _aFISKH
_beng
_cFISKH
_dFISKH
050 _aPZ7
082 _a428.6
100 _aHunt, Roderick
245 _aSeasick /
260 _aOxford University Press :
_bOxford,
_c2008.
300 _a22 pages :
_bcolor illustrations ;
_c18 cm
490 _aRead at home
505 _aD
520 _aEnjoyable decodable stories featuring Biff, Chip, Kipper and Floppy which enable children to practise their decoding skills within a familiar and much loved setting.
521 8 _a160
_bLexile
521 8 _aD
_bRaz-Plus
650 _aGuided Reading
_vchildren
942 _2ddc
_cBK
_n0
999 _c5599
_d5599